Quizzes
Events
Quiz Creation
Community
Videos
Private Events
Remove Ads
Sign In
Join for FREE
Feedback
Dark Mode
Quiz Categories
Sports
Geography
Music
Movies
Television
Just For Fun
Miscellaneous
History
Literature
Language
Science
Gaming
Entertainment
Religion
Holiday
For Kids
Quiz Lab
Recent
Popular Today
Quiz Kudos Today
Editor Picks
Curator Picks
Quizzes by...
Day
Popularity
Type
Ratings
Length
Year
Community
Subscriptions
Recent Discussions
Orange Saloon
Badges
Playlists
Quests
Create
Leaderboards
Showdown
Live 5
Trivia Bingo
Activity
Puzzle Library
Sporcle Events
Private Events
Virtual Trivia
Globe League
Become a Host
Pub Owners
SporcleCon
Opinionation
Our Games
Videos
Blog
Mobile Apps
Partnerships
Remove Ads and Go Orange
Feedback
Movies
Disney
Marvel Cinematic Universe
Movie Resume
Movie Titles
Oscar
Actor
Actress
Director
Pixar
Role
Movie Quotes
Movie Characters
Box Office
Nominee
Best Picture
Star Wars
James Bond
Horror Movies
Movies
Disney
Marvel Cinematic Universe
Movie Resume
Movie Titles
Oscar
Actor
Actress
Director
Pixar
Role
Movie Quotes
Movie Characters
Box Office
Nominee
Best Picture
Star Wars
James Bond
Horror Movies
Random Quiz
Search Sporcle
×
Quiz Lab
Quiz Lab
Movies
Broadway
Type in answers that appear in a list
Type in answers that appear in a list
Classic
Best Score? Go Orange.
Broadway Shows Stats
Can you name the Broadway Shows?
By
saintphilopatir2
10m
34 Questions
573 Plays
573 Plays
573 Plays
Comments
Comments
Give Quiz Kudos
Give Quiz Kudos
-
- Ratings
hide this ad
Replay
Link that replays current quiz
Next Quiz
Link to next quiz in quiz playlist
You Got
0%
They Got
Avg Score
19%
Avg Friend Score
Upgrade to see
Score Distribution
Jump to the score distribution portion of the page
Score
0/34
Timer
10:00
0
Plays Today
Shows
Broadway
% Correct
2
Wicked
73.8%
1
The Phantom of the Opera
71.9%
8
The Lion King
53.1%
3
Cats
50.5%
17
Hair
46.9%
18
Chicago
39.5%
4
Hairspray
38.3%
15
Mamma Mia
29.2%
24
Next to Normal
27.6%
9
Jersey Boys
27.1%
13
In the heights
25.2%
6
Mary Poppins
24.3%
11
Billy Elliot
23.8%
19
South Pacific
22.9%
5
Shrek
17.1%
7
Memphis
12.2%
21
Rock of Ages
12.1%
Shows
Broadway
% Correct
26
Bye Bye Birdie
11.2%
10
A little night music
8.9%
12
Ragtime
8.6%
25
Fela!
5.4%
16
Finian's Rainbow
3.3%
23
God of Carnage
2.6%
22
Race
2.1%
32
A View from the Bridge
1.9%
33
39 Steps
1.7%
14
Westside Stories
1.2%
28
Stomp
1.2%
20
Burn the Floor
0.7%
30
Our Town
0.7%
31
Fuerza Bruta
0.3%
34
The Understudy
0.3%
27
Wishful Thinking
0.2%
29
Blue Man Group
0.2%
Quiz Playlist
Details
Report
Send in Message
Add To Playlist
Classic:
Type in answers that appear in a list
Last Updated: Feb 16, 2017
Quiz Scoreboard
CHALLENGE
Sign Up to Join the Scoreboard
Show All
Scores
Hide
Comments
May contain spoilers
Recently Published
Popular People in 1961
by mucciniale
History
6m
1-10 Letter E Words III
by El_Dandy
Language
2m
One Thing in Common: World Cities II
by knightlancer
Geography
7m
More to Explore
Quiz From the Vault
Featured Blog Post
Where Did the Easter Bunny Come From?
hide this ad
You Might Also Like...
Tags
Broadway Quiz
Show Quiz
Broadway Shows
Today's Top Quizzes in Movies
Browse Movies
hide this ad
Today's Top Quizzes in Broadway
Browse Broadway
Top Contributed Quizzes in Movies
1
Multi-Oscar Nominations, One Movie, One Winner
2
12 Movies about Fictional 1960s Events
3
One Thing in Common: Movies
4
One Thing in Common: Movies II
5
Sunday Crossword: Film Score Composers
6
Three Word 'T' Movies Match Up
7
Three Word 'H' Movies Match Up
8
Three Word 'M' Movies Match Up
9
One Thing in Common: Oscars
10
Three Word 'P' Movies Match Up
Explore More
Trending Topics
Harry Potter
NBA
Anime
Disney
Crossword
Marvel
Kpop
NFL
Song
Soccer
Puzzle
Pokémon
The Office
Country
WWE
hide this ad
More By:
saintphilopatir2
Quiz
Plays
Rating
Category
Featured
Created
Different Cheerios
27,219
4.26
Miscellaneous
Jan 9, 2010
Google Holiday pics 2009
1,824
1.81
Holiday
Jan 10, 2010
Broadway Shows
573
1.00
Movies
Jan 9, 2010
Type the numbers 1-200
136
1.00
Music
Jan 10, 2010
Google Holidays in 2009
123
2.67
Holiday
Jan 9, 2010
Go to Creator's Profile
Score Distribution
Quiz Creator Spotlight
saintphilopatir2
Follow
Send a Message
Quizzes Created
-
Created Quiz Play Count
-
More By This Creator
Popular Quizzes Today
1
Find the US States - No Outlines Minefield
2
Find the Countries of Europe - No Outlines Minefield
3
The Countries of the World
4
Popular People in 1961
5
1-10 Letter E Words III
6
Find the US States
7
US States
8
One Thing in Common: World Cities II
More Movies Quizzes
Robert Downey Jr. Movies
Published
Trending Quizzes
Risky Map Clicking: Least Populous States A-Z
1-10 Letter F Words
1-10 Letter G Words
One Thing in Common: United Kingdom
Risky Map Clicking: Next State Alphabetically
Recently Updated
Leaping Animals
pecheneg
Reality TV Shows (A-Z)
bhenderson79
Rickey Henderson's Hall of Fame Teammates
pecheneg
Champions League XIs: Arsenal
pecheneg
Quick Pick: Celebrities in WWE's Hall of Fame
aduchscher
A-Z Keypad Blitz II
pecheneg
Multiple Oscar Actors
pecheneg
Mystery Phrase Blitz: Oscar 'Best Actors'
pecheneg
F. Scott Fitzgerald Novels
LTH
Pick 3 Villains
ddd62291
Trending Topics
Marvel
Kpop
Harry Potter
Anime
NBA
Disney
Crossword
NFL
Puzzle
Country
Song
Pokémon
WWE
The Office
Soccer
Your Account Isn't Verified!
In order to create a playlist on Sporcle, you need to verify the email address you used during registration. Go to your
Sporcle Settings
to finish the process.
Report this User
Report this user for behavior that violates our
Community Guidelines
.
Details:
Send Report
Go to the Sporcle.com Mobile Site →
Comments